Cadmium Exposure in Daye Country, China Environmental Assessment and Management, Health and Economic Effects

Salvato in:
Dettagli Bibliografici
Autore principale: Tisdell, Clem
Natura: Libro
Lingua:inglese
Pubblicazione: Queensland University 1991
Edizione:1. ed.
Serie:Discussion Paper No.58
Tags: Aggiungi Tag
Nessun Tag, puoi essere il primo ad aggiungerne!!

MARC

LEADER 00000nam a2200000 4500
001 c029330
005 20221214093258.2
041 0 |a eng 
044 |a AU 
245 1 0 |a Cadmium Exposure in Daye Country, China  |b Environmental Assessment and Management, Health and Economic Effects  |c Clem Tisdell 
250 |a 1. ed. 
264 1 |a Queensland  |b University  |c 1991 
300 |a 21 s. 
490 1 |a Discussion Paper  |v No.58 
830 0 |a Discussion Paper  |v No.58 
100 1 |a Tisdell, Clem